[Event "84th ESP-ch 2019"]
[Site "Marbella"]
[Date "2019.11.22"]
[Round "7.40"]
[White "Perea Fruet, Lorenzo"]
[Black "Vega Gutierrez, Belinda"]
[Result "1/2-1/2"]
[WhiteElo "1582"]
[BlackElo "2161"]
[Annotator "ChessBase"]
[PlyCount "143"]
[EventDate "2019.11.16"]
[EventType "swiss"]
[EventCountry "ESP"]
[SourceTitle "playchess.com"]
[Source "ChessBase"]
[SourceQuality "1"]
[TimeControl "5400+30"]

1. e4 {[%emt 0:00:00]} e5 {[%emt 0:00:00]} 2. Nf3 {[%emt 0:00:00]} Nc6 {[%emt 0:00:00]} 3. Nc3 {[%emt 0:00:00]} Nf6 {[%emt 0:03:38]} 4. d4 {[%emt 0:00:00]} exd4 {[%emt 0:05:32]} 5. Nxd4 {[%emt 0:00:04]} Bb4 {[%emt 0:00:08]} 6. Nxc6 {[%emt 0:00:05]} bxc6 {[%emt 0:00:06]} 7. Bd3 {[%emt 0:00:04]} d5 {[%emt 0:00:50]} 8. exd5 {[%emt 0:00:06]} cxd5 {[%emt 0:00:09]} 9. O-O {[%emt 0:00:06]} O-O {[%emt 0:00:18]} 10. Bg5 {[%emt 0:00:17]} c6 {[%emt 0:00:15]} 11. Qf3 {[%emt 0:00:21]} Bd6 {[%emt 0:00:59]} 12. Ne2 {[%emt 0:03:02]} Be5 {[%emt 0:09:39]} 13. Rab1 {[%emt 0:01:58]} Qd6 {[%emt 0:13:15]} 14. h3 {[%emt 0:01:04]} Nd7 {[%emt 0:09:48]} 15. c3 {[%emt 0:11:15]} Nc5 {[%emt 0:05:08]} 16. Bc2 {[%emt 0:01:14]} Ba6 {[%emt 0:04:09]} 17. Rfd1 {[%emt 0:08:04]} Ne6 {[%emt 0:02:26]} 18. Bh4 {[%emt 0:03:05]} Rfe8 {[%emt 0:04:38]} 19. Ng3 {[%emt 0:02:26]} g6 {[%emt 0:00:43]} 20. Qg4 {[%emt 0:08:11]} Bg7 {[%emt 0:04:41]} 21. Ne4 {[%emt 0:01:11]} Qf4 {[%emt 0:01:45]} 22. Qxf4 {[%emt 0:03:42]} Nxf4 {[%emt 0:00:06]} 23. Nc5 {[%emt 0:00:10]} Bc4 {[%emt 0:03:37]} 24. Bb3 {[%emt 0:11:41]} Bxb3 {[%emt 0:03:17]} 25. Nxb3 {[%emt 0:00:18]} a5 {[%emt 0:05:07]} 26. Nd4 {[%emt 0:02:34]} Ne2+ {[%emt 0:00:37]} 27. Nxe2 {[%emt 0:00:40]} Rxe2 {[%emt 0:00:04]} 28. Kf1 {[%emt 0:00:09]} Re4 {[%emt 0:03:05]} 29. Bg5 {[%emt 0:01:02]} a4 {[%emt 0:00:44]} 30. Rd3 {[%emt 0:03:42]} f5 {[%emt 0:03:49]} 31. f3 {[%emt 0:00:32]} Re6 {[%emt 0:01:25]} 32. Re1 {[%emt 0:00:10]} Rxe1+ {[%emt 0:01:45]} 33. Kxe1 {[%emt 0:00:04]} Rb8 {[%emt 0:00:07]} 34. Bc1 {[%emt 0:00:05]} Kf7 {[%emt 0:00:54]} 35. Kd1 {[%emt 0:00:23]} Ke6 {[%emt 0:00:55]} 36. Kc2 {[%emt 0:00:28]} Be5 {[%emt 0:03:37]} 37. Be3 {[%emt 0:02:34]} f4 {[%emt 0:02:16]} 38. Bd4 {[%emt 0:00:38]} Bd6 {[%emt 0:00:08]} 39. Bg1 {[%emt 0:00:35]} c5 {[%emt 0:01:00]} 40. Bh2 {[%emt 0:00:34]} g5 {[%emt 0:01:28]} 41. Rd1 {[%emt 0:01:42]} c4 {[%emt 0:01:29]} 42. Bg1 {[%emt 0:01:07]} h5 {[%emt 0:03:12]} 43. Bd4 {[%emt 0:01:46]} Rg8 {[%emt 0:00:18]} 44. Rh1 {[%emt 0:00:41]} Kf5 {[%emt 0:00:44]} 45. Bf2 {[%emt 0:04:58]} g4 {[%emt 0:01:56]} 46. hxg4+ {[%emt 0:00:06]} hxg4 {[%emt 0:00:06]} 47. Rh5+ {[%emt 0:00:28]} Ke6 {[%emt 0:00:44]} 48. Rh2 {[%emt 0:02:43]} Kd7 {[%emt 0:01:41]} 49. Bd4 {[%emt 0:02:36]} Kc6 {[%emt 0:00:49]} 50. a3 {[%emt 0:02:26]} gxf3 {[%emt 0:00:40]} 51. gxf3 {[%emt 0:00:07]} Rg3 {[%emt 0:00:07]} 52. Rf2 {[%emt 0:00:43]} Bc5 {[%emt 0:00:31]} 53. Kd2 {[%emt 0:00:31]} Kb5 {[%emt 0:01:02]} 54. Kc2 {[%emt 0:00:09]} Rh3 {[%emt 0:00:22]} 55. Kd2 {[%emt 0:00:27]} Rg3 {[%emt 0:00:43]} 56. Kc2 {[%emt 0:00:04]} Rh3 {[%emt 0:00:03]} 57. Kd2 {[%emt 0:00:07]} Rh1 {[%emt 0:00:46]} 58. Kc2 {[%emt 0:04:09]} Bxd4 {[%emt 0:00:44]} 59. cxd4 {[%emt 0:00:06]} Re1 {[%emt 0:00:10]} 60. Rh2 {[%emt 0:01:06]} c3 {[%emt 0:00:57]} 61. b3 {[%emt 0:02:35]} axb3+ {[%emt 0:00:24]} 62. Kxb3 {[%emt 0:00:14]} Re3 {[%emt 0:00:05]} 63. a4+ {[%emt 0:01:41]} Ka5 {[%emt 0:00:55]} 64. Rh5 {[%emt 0:01:13]} c2+ {[%emt 0:00:26]} 65. Kxc2 {[%emt 0:00:14]} Kxa4 {[%emt 0:00:09]} 66. Rxd5 {[%emt 0:00:45]} Kb4 {[%emt 0:00:02]} 67. Rf5 {[%emt 0:00:26]} Rxf3 {[%emt 0:00:19]} 68. Kd2 {[%emt 0:00:04]} Kc4 {[%emt 0:00:13]} 69. Ke2 {[%emt 0:00:09]} Re3+ {[%emt 0:00:18]} 70. Kf2 {[%emt 0:00:05]} Re4 {[%emt 0:00:23]} 71. Kf3 {[%emt 0:00:04]} Kxd4 {[%emt 0:00:13]} 72. Rxf4 {[%emt 0:00:12]} 1/2-1/2

[Event "84th ESP-ch 2019"]
[Site "Marbella"]
[Date "2019.11.22"]
[Round "7.41"]
[White "Collado Barbas, Laura"]
[Black "Sanjuan Garcia, Miguel"]
[Result "0-1"]
[WhiteElo "2142"]
[BlackElo "2021"]
[Annotator "ChessBase"]
[PlyCount "124"]
[EventDate "2019.11.16"]
[EventType "swiss"]
[EventCountry "ESP"]
[SourceTitle "playchess.com"]
[Source "ChessBase"]
[SourceQuality "1"]
[TimeControl "5400+30"]

1. d4 {[%emt 0:00:00]} Nf6 {[%emt 0:00:00]} 2. c4 {[%emt 0:00:00]} c5 {[%emt 0:00:00]} 3. d5 {[%emt 0:00:00]} b5 {[%emt 0:00:00]} 4. cxb5 {[%emt 0:00:00]} a6 {[%emt 0:00:03]} 5. bxa6 {[%emt 0:00:00]} e6 {[%emt 0:00:22]} 6. Nc3 {[%emt 0:01:22]} exd5 {[%emt 0:00:18]} 7. Nxd5 {[%emt 0:01:46]} Be7 {[%emt 0:00:12]} 8. Nf3 {[%emt 0:01:27]} O-O {[%emt 0:02:25]} 9. Nxe7+ {[%emt 0:02:00]} Qxe7 {[%emt 0:00:03]} 10. Bf4 {[%emt 0:00:28]} d5 {[%emt 0:09:32]} 11. g3 {[%emt 0:05:50]} Re8 {[%emt 0:08:45]} 12. Rc1 {[%emt 0:06:42]} Bxa6 {[%emt 0:08:37]} 13. a3 {[%emt 0:08:41]} d4 {[%emt 0:10:58]} 14. e3 {[%emt 0:07:10]} dxe3 {[%emt 0:00:42]} 15. Bxe3 {[%emt 0:00:46]} Ne4 {[%emt 0:05:12]} 16. Qb3 {[%emt 0:01:59]} Bb7 {[%emt 0:10:06]} 17. Bc4 {[%emt 0:16:27]} Nc6 {[%emt 0:03:32]} 18. O-O {[%emt 0:06:28]} Na5 {[%emt 0:00:30]} 19. Qa2 {[%emt 0:03:08]} Nxc4 {[%emt 0:08:17]} 20. Rxc4 {[%emt 0:05:41]} Qe6 {[%emt 0:03:57]} 21. b3 {[%emt 0:07:02]} Bd5 {[%emt 0:01:48]} 22. Rcc1 {[%emt 0:02:50]} Bxb3 {[%emt 0:03:28]} 23. Qb2 {[%emt 0:01:08]} Rab8 {[%emt 0:04:15]} 24. Qe2 {[%emt 0:04:43]} Bd5 {[%emt 0:03:10]} 25. Rfe1 {[%emt 0:02:39]} h6 {[%emt 0:03:40]} 26. Qd1 {[%emt 0:03:05]} Qc6 {[%emt 0:04:55]} 27. Nd4 {[%emt 0:01:30]} Qa8 {[%emt 0:01:15]} 28. Nf5 {[%emt 0:00:37]} Be6 {[%emt 0:01:06]} 29. Qg4 {[%emt 0:01:01]} Bxf5 {[%emt 0:01:32]} 30. Qxf5 {[%emt 0:00:02]} Qxa3 {[%emt 0:01:35]} 31. Bf4 {[%emt 0:01:43]} Qf3 {[%emt 0:01:14]} 32. Rxe4 {[%emt 0:06:43]} Rxe4 {[%emt 0:00:17]} 33. Qxc5 {[%emt 0:00:35]} Rxf4 {[%emt 0:01:50]} 34. gxf4 {[%emt 0:00:06]} Qg4+ {[%emt 0:00:17]} 35. Kf1 {[%emt 0:01:17]} Qh3+ {[%emt 0:00:01]} 36. Kg1 {[%emt 0:00:31]} Qg4+ {[%emt 0:00:25]} 37. Kf1 {[%emt 0:00:04]} Qxf4 {[%emt 0:00:23]} 38. Qc7 {[%emt 0:00:49]} Qb4 {[%emt 0:00:10]} 39. Rd1 {[%emt 0:01:03]} Qb5+ {[%emt 0:00:09]} 40. Kg1 {[%emt 0:00:39]} Qg5+ {[%emt 0:00:03]} 41. Kf1 {[%emt 0:00:06]} Qb5+ {[%emt 0:00:26]} 42. Kg1 {[%emt 0:00:01]} Qe8 {[%emt 0:01:02]} 43. Kf1 {[%emt 0:00:51]} Kh7 {[%emt 0:01:13]} 44. Qc2+ {[%emt 0:00:43]} g6 {[%emt 0:00:14]} 45. Qc7 {[%emt 0:00:34]} Rb2 {[%emt 0:00:35]} 46. Qc4 {[%emt 0:00:42]} Kg8 {[%emt 0:01:34]} 47. Re1 {[%emt 0:00:23]} Qd7 {[%emt 0:00:42]} 48. Qc3 {[%emt 0:00:36]} Qb5+ {[%emt 0:01:00]} 49. Kg1 {[%emt 0:00:32]} Qg5+ {[%emt 0:00:11]} 50. Kf1 {[%emt 0:00:44]} Rb8 {[%emt 0:00:04]} 51. Qc6 {[%emt 0:00:35]} Kh7 {[%emt 0:01:03]} 52. Qc7 {[%emt 0:00:26]} Qb5+ {[%emt 0:00:09]} 53. Kg1 {[%emt 0:00:12]} Rb7 {[%emt 0:00:05]} 54. Qd8 {[%emt 0:00:50]} Rd7 {[%emt 0:00:35]} 55. Qf6 {[%emt 0:00:26]} Qb7 {[%emt 0:00:24]} 56. Qc3 {[%emt 0:00:59]} Qd5 {[%emt 0:00:53]} 57. Qe5 {[%emt 0:00:56]} Qf3 {[%emt 0:00:46]} 58. Qe3 {[%emt 0:00:24]} Qb7 {[%emt 0:00:28]} 59. Qe4 {[%emt 0:00:25]} Rd5 {[%emt 0:00:31]} 60. h4 {[%emt 0:00:53]} Qd7 {[%emt 0:00:03]} 61. Qf3 {[%emt 0:00:31]} Rf5 {[%emt 0:00:45]} 62. Qg4 {[%emt 0:00:33]} Rg5 {[%emt 0:00:27]} 0-1

[Event "84th ESP-ch 2019"]
[Site "Marbella"]
[Date "2019.11.22"]
[Round "7.42"]
[White "Sanchez Elena, Lucia"]
[Black "Luque Saiz, Andres"]
[Result "0-1"]
[WhiteElo "1662"]
[BlackElo "2140"]
[Annotator "ChessBase"]
[PlyCount "94"]
[EventDate "2019.11.16"]
[EventType "swiss"]
[EventCountry "ESP"]
[SourceTitle "playchess.com"]
[Source "ChessBase"]
[SourceQuality "1"]
[TimeControl "5400+30"]

1. e4 {[%emt 0:00:00]} c6 {[%emt 0:00:00]} 2. d4 {[%emt 0:00:00]} d5 {[%emt 0:00:00]} 3. Nc3 {[%emt 0:00:00]} dxe4 {[%emt 0:00:15]} 4. Nxe4 {[%emt 0:00:00]} Bf5 {[%emt 0:00:20]} 5. Ng3 {[%emt 0:00:09]} Bg6 {[%emt 0:00:24]} 6. Nf3 {[%emt 0:00:16]} Nd7 {[%emt 0:00:34]} 7. h4 {[%emt 0:00:17]} h6 {[%emt 0:00:13]} 8. h5 {[%emt 0:00:08]} Bh7 {[%emt 0:00:26]} 9. Bd3 {[%emt 0:00:14]} Bxd3 {[%emt 0:00:27]} 10. Qxd3 {[%emt 0:00:05]} e6 {[%emt 0:01:41]} 11. Bf4 {[%emt 0:02:05]} Qa5+ {[%emt 0:00:18]} 12. Bd2 {[%emt 0:00:17]} Qc7 {[%emt 0:00:08]} 13. Qe2 {[%emt 0:03:17]} Ngf6 {[%emt 0:07:23]} 14. O-O-O {[%emt 0:04:06]} Be7 {[%emt 0:08:10]} 15. Rde1 {[%emt 0:07:22]} O-O-O {[%emt 0:04:48]} 16. Nf5 {[%emt 0:04:41]} Bf8 {[%emt 0:00:24]} 17. Ne3 {[%emt 0:00:32]} Ne4 {[%emt 0:08:03]} 18. Nc4 {[%emt 0:08:20]} Nxd2 {[%emt 0:00:34]} 19. Qxd2 {[%emt 0:00:31]} Nf6 {[%emt 0:02:16]} 20. Qe3 {[%emt 0:07:31]} Rd5 {[%emt 0:10:35]} 21. Nfe5 {[%emt 0:00:30]} c5 {[%emt 0:00:30]} 22. dxc5 {[%emt 0:00:30]} Bxc5 {[%emt 0:00:30]} 23. Qg3 {[%emt 0:16:10]} Rg8 {[%emt 0:09:48]} 24. Rh4 {[%emt 0:08:42]} b5 {[%emt 0:02:11]} 25. Nd2 {[%emt 0:01:41]} Bxf2 {[%emt 0:00:43]} 26. Qxf2 {[%emt 0:00:27]} Rxe5 {[%emt 0:00:04]} 27. Rxe5 {[%emt 0:00:30]} Qxe5 {[%emt 0:00:30]} 28. Nf3 {[%emt 0:01:59]} Qc7 {[%emt 0:02:51]} 29. Nd4 {[%emt 0:01:43]} Qe5 {[%emt 0:03:40]} 30. Rh3 {[%emt 0:03:43]} Qg5+ {[%emt 0:07:06]} 31. Kb1 {[%emt 0:02:03]} Rd8 {[%emt 0:01:10]} 32. a3 {[%emt 0:06:52]} Ne4 {[%emt 0:03:27]} 33. Qg1 {[%emt 0:01:57]} Qc5 {[%emt 0:00:29]} 34. Rd3 {[%emt 0:02:28]} e5 {[%emt 0:00:44]} 35. Nf3 {[%emt 0:00:30]} Qxg1+ {[%emt 0:00:30]} 36. Nxg1 {[%emt 0:00:19]} Rxd3 {[%emt 0:00:37]} 37. cxd3 {[%emt 0:00:07]} Ng3 {[%emt 0:00:17]} 38. Nf3 {[%emt 0:00:32]} f6 {[%emt 0:00:07]} 39. Nh4 {[%emt 0:00:18]} Kd7 {[%emt 0:01:47]} 40. Kc2 {[%emt 0:00:28]} Nxh5 {[%emt 0:00:10]} 41. Nf5 {[%emt 0:00:30]} Ke6 {[%emt 0:02:45]} 42. g4 {[%emt 0:00:19]} g6 {[%emt 0:00:07]} 43. Nxh6 {[%emt 0:02:36]} Nf4 {[%emt 0:00:30]} 44. Kd2 {[%emt 0:00:46]} f5 {[%emt 0:01:53]} 45. gxf5+ gxf5 {[%emt 0:00:03]} 46. Ke3 {[%emt 0:01:08]} Nd5+ {[%emt 0:00:15]} 47. Kf3 {[%emt 0:00:12]} Kf6 {[%emt 0:00:08]} 0-1

[Event "84th ESP-ch 2019"]
[Site "Marbella"]
[Date "2019.11.23"]
[Round "8.1"]
[White "Anton Guijarro, David"]
[Black "Cuenca Jimenez, Jose Fernando"]
[Result "1/2-1/2"]
[WhiteElo "2686"]
[BlackElo "2523"]
[Annotator "TA"]
[PlyCount "132"]
[EventDate "2019.11.16"]
[EventType "swiss"]
[EventCountry "ESP"]
[SourceTitle "playchess.com"]
[Source "ChessBase"]
[SourceQuality "1"]

{[%evp 12,132,11,0,11,0,0,0,0,3,16,14,19,14,38,25,30,10,22,15,33,28,31,13,17,18,25,17,27,9,75,22,37,7,6,0,53,55,92,0,0,0,83,0,83,93,86,92,75,63,67,72,71,71,77,81,66,74,72,86,82,77,91,81,100,89,71,19,74,-41,-6,-48,-45,-86,-60,-80,0,0,0,0,0,0,0,0,0,0,0,0,0,-7,-7,-7,-7,-17,0,0,0,0,0,0,0,0,0,0,0,0,0,0,0,0,0,0,0,0,0,0,0,0,0,0,0,0,0]} 1. c4 e6 2. g3 d5 3. Bg2 Nf6 4. Nf3 Be7 5. O-O O-O 6. b3 d4 7. e3 c5 {A14: English Opening: 1...e6 with b3 by White} 8. Ne5 (8. exd4 cxd4 9. Re1 Nc6 10. Bb2 Bd6 11. Nxd4 Nxd4 12. Bxd4 Bxg3 13. hxg3 Qxd4 14. Nc3 Ng4 15. Qf3 f5 16. Nb5 Qb6 17. Qf4 e5 18. Rxe5 Nxe5 19. Qxe5 {1-0 (37) Artemiev,V (2761)-Korobov,A (2687) Poikovsky 2019}) 8... Nfd7 9. exd4 cxd4 10. Nxd7 Qxd7 11. d3 Nc6 12. Ba3 $146 ({Predecessor:} 12. Na3 b6 13. Nc2 Bb7 14. Bb2 Rad8 15. f4 {1-0 (54) Prithu,G (2470)-Sengupta,D (2559) Porticcio 2019}) 12... Bxa3 13. Nxa3 b6 14. f4 Bb7 15. Nc2 Rad8 16. Qd2 Ne7 17. Rae1 Bxg2 18. Qxg2 Rfe8 19. Re4 Nc6 20. b4 Qd6 (20... a6 $11 {keeps the balance.}) 21. a3 (21. b5 $16 f5 22. Re2 (22. bxc6 fxe4 23. Qxe4 e5 $17)) 21... a5 {[%cal Ra5b4]} 22. b5 f5 $1 {[%cal Rf5e4]} 23. Ree1 (23. bxc6 fxe4 24. Qxe4 Qc5 $15) 23... Ne7 (23... Nb8 $1 $11) 24. Re2 $14 Ng6 25. Rfe1 (25. Qc6 $16) 25... e5 $11 26. fxe5 Rxe5 (26... Nxe5 $11 27. Qf1 Qf6) 27. Qf2 (27. Qc6 $16 Qf6 28. Rf2) 27... Rxe2 (27... Qf6 $1 $11 {remains equal.}) 28. Qxe2 $16 Nf8 29. Qe7 Rd7 30. Qe5 g6 $1 31. a4 $1 Kf7 32. c5 Qxc5 33. Qxc5 bxc5 {[%mdl 4096] Endgame KRN-KRN} 34. Na3 $1 Re7 35. Rb1 Nd7 36. b6 $1 {[%cal Bb5b6,Bb6b7][%mdl 32]} Re3 37. b7 {Threatens to win with Nc4.} Rxd3 38. Nc4 Kf6 {[#]} 39. Nxa5 ({Better is} 39. Kf1 $1 $16 Nb8 40. Rb5) 39... Rc3 (39... Ke6 $11) 40. Nb3 (40. Rb6+ $1 $16 Ke5 41. Kf1) 40... Ke6 {Threatening ...Kd6.} 41. a5 Nb8 {Strongly threatening ...Kd5.} 42. Nd2 Kd5 43. Ra1 {[#] Hoping for a6.} Kc6 (43... Na6 $1 $17 44. Rb1 Rc2) 44. a6 $11 {The position is equal.} Nxa6 $1 {[%mdl 64] Remove Defender} 45. Rxa6+ Kxb7 {KRN-KR} 46. Rd6 Kc7 47. Rd5 $1 Kc6 48. Rd8 Rc2 49. Nf3 Kb5 50. Nxd4+ cxd4 51. Rxd4 {KR-KR} Kc6 52. Rd8 {Black must now prevent Rc8+.} Ra2 (52... Kc7 {is interesting.} 53. Rh8 h5 54. h3 Kd7 55. g4 hxg4 56. hxg4 fxg4 57. Rh6 g5) 53. h4 Ra7 54. Kg2 Rd7 55. Rg8 Kd6 {[#]} 56. h5 $1 {[%mdl 512]} gxh5 57. Rg5 Ke5 58. Rxh5 Kf6 59. Rh4 Kg5 60. Ra4 h5 61. Kf3 Rd3+ 62. Kf2 Rd8 63. Kf3 Re8 64. Rb4 Re4 65. Rb8 Rc4 66. Rg8+ Kf6 {Accuracy: White = 63%, Black = 53%.} 1/2-1/2

[Event "84th ESP-ch 2019"]
[Site "Marbella"]
[Date "2019.11.23"]
[Round "8.2"]
[White "Salgado Lopez, Ivan"]
[Black "Shirov, Alexei"]
[Result "1-0"]
[WhiteElo "2594"]
[BlackElo "2666"]
[Annotator "ChessBase"]
[PlyCount "77"]
[EventDate "2019.11.16"]
[EventType "swiss"]
[EventCountry "ESP"]
[SourceTitle "playchess.com"]
[Source "ChessBase"]
[SourceQuality "1"]
[TimeControl "5400+30"]

1. d4 {[%emt 0:00:00]} d5 {[%emt 0:01:13]} 2. c4 {[%emt 0:00:00]} c6 {[%emt 0:00:03]} 3. Nf3 {[%emt 0:00:07]} Nf6 {[%emt 0:00:04]} 4. Nc3 {[%emt 0:00:16]} e6 {[%emt 0:00:20]} 5. Bg5 {[%emt 0:00:10]} h6 {[%emt 0:00:17]} 6. Bh4 {[%emt 0:00:18]} dxc4 {[%emt 0:01:33]} 7. e4 {[%emt 0:00:08]} b5 {[%emt 0:00:15]} 8. e5 {[%emt 0:00:16]} g5 {[%emt 0:00:03]} 9. Nxg5 {[%emt 0:00:15]} hxg5 {[%emt 0:00:04]} 10. Bxg5 {[%emt 0:00:13]} Nbd7 {[%emt 0:00:02]} 11. g3 {[%emt 0:00:17]} Bb7 {[%emt 0:00:03]} 12. Bg2 {[%emt 0:00:18]} Qb6 {[%emt 0:00:02]} 13. exf6 {[%emt 0:00:26]} O-O-O {[%emt 0:00:06]} 14. O-O {[%emt 0:00:35]} c5 {[%emt 0:00:02]} 15. d5 {[%emt 0:00:17]} b4 {[%emt 0:00:05]} 16. Na4 {[%emt 0:00:34]} Qb5 {[%emt 0:00:26]} 17. a3 {[%emt 0:02:50]} Nb8 {[%emt 0:00:05]} 18. axb4 {[%emt 0:01:55]} cxb4 {[%emt 0:00:03]} 19. Qg4 {[%emt 0:01:28]} Bxd5 {[%emt 0:00:09]} 20. Rfc1 {[%emt 0:03:09]} Nc6 {[%emt 0:00:39]} 21. Bxd5 {[%emt 0:02:32]} Rxd5 {[%emt 0:00:04]} 22. Rxc4 {[%emt 0:00:43]} Rxg5 {[%emt 0:00:03]} 23. Qd4 {[%emt 0:02:23]} Kb8 {[%emt 0:00:05]} 24. Rxc6 {[%emt 0:01:41]} Rxg3+ {[%emt 0:00:08]} 25. fxg3 {[%emt 0:00:16]} Qxc6 {[%emt 0:00:03]} 26. Rd1 {[%emt 0:01:14]} Qc7 {[%emt 0:00:09]} 27. b3 {[%emt 0:01:40]} Kc8 {[%emt 0:00:04]} 28. Qe3 {[%emt 0:00:47]} Kb8 {[%emt 0:07:52]} 29. Qd2 {[%emt 0:00:32]} Bc5+ {[%emt 0:06:54]} 30. Nxc5 {[%emt 0:00:40]} Qxc5+ {[%emt 0:00:11]} 31. Qd4 {[%emt 0:00:08]} Qc3 {[%emt 0:37:39]} 32. g4 {[%emt 0:00:25]} Rg8 {[%emt 0:25:03]} 33. Kf2 {[%emt 0:01:03]} Qxb3 {[%emt 0:05:22]} 34. Qe5+ {[%emt 0:01:10]} Ka8 {[%emt 0:00:06]} 35. Qe4+ {[%emt 0:00:21]} Kb8 {[%emt 0:00:03]} 36. Rb1 {[%emt 0:00:32]} Qa2+ {[%emt 0:00:07]} 37. Ke1 {[%emt 0:00:12]} a5 {[%emt 0:03:34]} 38. Qe5+ {[%emt 0:01:59]} Kb7 {[%emt 0:00:08]} 39. Qb5+ {[%emt 0:01:39]} 1-0

[Event "84th ESP-ch 2019"]
[Site "Marbella"]
[Date "2019.11.23"]
[Round "8.3"]
[White "Asis Gargatagli, Hipolito"]
[Black "Santos Latasa, Jaime"]
[Result "1/2-1/2"]
[WhiteElo "2497"]
[BlackElo "2581"]
[Annotator "ChessBase"]
[PlyCount "109"]
[EventDate "2019.11.16"]
[EventType "swiss"]
[EventCountry "ESP"]
[SourceTitle "playchess.com"]
[Source "ChessBase"]
[SourceQuality "1"]
[TimeControl "5400+30"]

1. e4 {[%emt 0:00:00]} e5 {[%emt 0:00:00]} 2. Nf3 {[%emt 0:00:00]} Nc6 {[%emt 0:00:00]} 3. d4 {[%emt 0:00:00]} exd4 {[%emt 0:00:00]} 4. Nxd4 {[%emt 0:00:00]} Nf6 {[%emt 0:00:18]} 5. Nxc6 {[%emt 0:00:00]} bxc6 {[%emt 0:00:04]} 6. Bd3 {[%emt 0:00:04]} d5 {[%emt 0:00:43]} 7. exd5 {[%emt 0:00:05]} cxd5 {[%emt 0:00:04]} 8. O-O {[%emt 0:00:07]} Be7 {[%emt 0:00:04]} 9. c4 {[%emt 0:00:06]} O-O {[%emt 0:01:27]} 10. cxd5 {[%emt 0:00:27]} Bb7 {[%emt 0:00:34]} 11. Nc3 {[%emt 0:00:15]} Nxd5 {[%emt 0:00:20]} 12. Bd2 {[%emt 0:00:21]} Re8 {[%emt 0:03:38]} 13. Re1 {[%emt 0:10:23]} Rb8 {[%emt 0:05:05]} 14. Nxd5 {[%emt 0:28:42]} Qxd5 {[%emt 0:05:25]} 15. Be4 {[%emt 0:00:40]} Qb5 {[%emt 0:00:54]} 16. Bxb7 {[%emt 0:02:48]} Qxb7 {[%emt 0:01:30]} 17. Bc3 {[%emt 0:00:17]} c5 {[%emt 0:10:31]} 18. Qa4 {[%emt 0:02:30]} Red8 {[%emt 0:00:43]} 19. Rad1 {[%emt 0:01:03]} Bf8 {[%emt 0:00:49]} 20. h3 {[%emt 0:03:03]} h6 {[%emt 0:00:32]} 21. Rxd8 {[%emt 0:07:00]} Rxd8 {[%emt 0:00:11]} 22. Re8 {[%emt 0:00:20]} Qd7 {[%emt 0:03:20]} 23. Qxd7 {[%emt 0:00:34]} Rxd7 {[%emt 0:00:06]} 24. Kf1 {[%emt 0:05:58]} f6 {[%emt 0:00:12]} 25. g4 {[%emt 0:03:26]} Kf7 {[%emt 0:00:19]} 26. Re4 {[%emt 0:00:05]} Be7 {[%emt 0:00:44]} 27. Ke2 {[%emt 0:00:12]} g6 {[%emt 0:01:19]} 28. Bd2 {[%emt 0:01:06]} h5 {[%emt 0:00:35]} 29. gxh5 {[%emt 0:00:16]} gxh5 {[%emt 0:00:07]} 30. Be3 {[%emt 0:00:27]} Bd6 {[%emt 0:03:31]} 31. b3 {[%emt 0:02:44]} f5 {[%emt 0:01:27]} 32. Rh4 {[%emt 0:01:49]} Kg6 {[%emt 0:00:05]} 33. Rc4 {[%emt 0:01:34]} Rc7 {[%emt 0:00:11]} 34. Ra4 {[%emt 0:01:45]} Kf7 {[%emt 0:00:47]} 35. Ra6 {[%emt 0:00:44]} f4 {[%emt 0:06:00]} 36. Rxd6 {[%emt 0:05:29]} fxe3 {[%emt 0:00:37]} 37. fxe3 {[%emt 0:09:06]} c4 {[%emt 0:00:28]} 38. bxc4 {[%emt 0:03:01]} Rxc4 {[%emt 0:00:08]} 39. Rd7+ {[%emt 0:04:14]} Ke6 {[%emt 0:00:07]} 40. Rxa7 {[%emt 0:00:03]} Rh4 {[%emt 0:00:05]} 41. a4 {[%emt 0:00:42]} Rxh3 {[%emt 0:00:10]} 42. a5 {[%emt 0:00:07]} Rh2+ {[%emt 0:00:09]} 43. Kf3 {[%emt 0:00:07]} Ra2 {[%emt 0:00:24]} 44. a6 {[%emt 0:00:09]} h4 {[%emt 0:01:40]} 45. Kg4 {[%emt 0:06:39]} Ra4+ {[%emt 0:00:47]} 46. Kh3 {[%emt 0:00:04]} Kd5 {[%emt 0:00:51]} 47. Ra8 {[%emt 0:02:35]} Kc6 {[%emt 0:00:25]} 48. Rh8 {[%emt 0:01:52]} Kb5 {[%emt 0:01:08]} 49. Rh5+ {[%emt 0:00:43]} Kxa6 {[%emt 0:00:18]} 50. Rxh4 {[%emt 0:00:04]} Ra3 {[%emt 0:00:06]} 51. Re4 {[%emt 0:00:02]} Kb6 {[%emt 0:00:10]} 52. Kg3 {[%emt 0:00:04]} Kc6 {[%emt 0:00:05]} 53. Kf4 {[%emt 0:00:16]} Kd7 {[%emt 0:00:07]} 54. Re5 {[%emt 0:00:32]} Kd6 {[%emt 0:00:30]} 55. Rb5 {[%emt 0:00:29]} 1/2-1/2

[Event "84th ESP-ch 2019"]
[Site "Marbella"]
[Date "2019.11.23"]
[Round "8.4"]
[White "Arizmendi Martinez, Julen Luis"]
[Black "Ibarra Jerez, Jose Carlos"]
[Result "0-1"]
[WhiteElo "2517"]
[BlackElo "2540"]
[Annotator "RC"]
[PlyCount "58"]
[EventDate "2019.11.16"]
[EventType "swiss"]
[EventCountry "ESP"]
[SourceTitle "playchess.com"]
[Source "ChessBase"]
[SourceQuality "1"]
[TimeControl "5400+30"]

1. e4 {[%emt 0:00:29]} c5 {[%emt 0:00:00]} 2. Nf3 {[%emt 0:00:16]} e6 {[%emt 0:00:31]} 3. d4 {[%emt 0:00:38]} cxd4 {[%emt 0:00:19]} 4. Nxd4 {[%emt 0:00:05]} Nf6 {[%emt 0:00:39]} 5. Nc3 {[%emt 0:00:27]} Nc6 {[%emt 0:00:18]} 6. Nxc6 {[%emt 0:03:11]} bxc6 {[%emt 0:01:38]} 7. e5 Nd5 {[%emt 0:00:12]} 8. Ne4 {[%emt 0:00:14]} Qc7 {[%emt 0:01:09]} 9. f4 {[%emt 0:00:25]} Qb6 {[%emt 0:00:47]} 10. c4 {[%emt 0:02:49]} Bb4+ {[%emt 0:01:26]} 11. Ke2 {[%emt 0:03:24]} f5 {[%emt 0:01:10]} 12. exf6 {[%emt 0:07:14]} Nxf6 {[%emt 0:01:20]} 13. Be3 {[%emt 0:00:37]} Qd8 {[%emt 0:00:34]} 14. Nd6+ {[%emt 0:00:54]} Bxd6 {[%emt 0:00:33]} 15. Qxd6 {[%emt 0:00:03]} Bb7 {[%emt 0:01:31]} 16. Rd1 {[%emt 0:24:43]} Rc8 {[%emt 0:02:05]} 17. Rg1 {[%emt 0:07:17]} c5 {[%emt 0:05:13]} 18. g4 {[%emt 0:01:34]} Rc6 {[%emt 0:00:42]} 19. Qe5 {[%emt 0:01:56]} O-O {[%emt 0:01:04]} 20. g5 {[%emt 0:04:29]} Nh5 {[%emt 0:02:59]} 21. Bh3 {[%emt 0:01:40]} d6 22. Qxe6+ {[%emt 0:03:21]} Kh8 {[%emt 0:03:02]} 23. Qd7 {[%emt 0:09:34]} Qb8 {[%emt 0:00:47]} 24. Qg4 {[%emt 0:21:13]} g6 {[%emt 0:01:01]} 25. Bd2 {[%emt 0:04:34]} d5 {[%emt 0:19:02]} 26. cxd5 Nxf4+ {[%emt 0:02:54]} 27. Bxf4 {[%emt 0:00:36]} Rxf4 {[%emt 0:00:01]} 28. Qxf4 {[%emt 0:01:43]} Qxf4 {[%emt 0:00:15]} 29. dxc6 {[%emt 0:00:03]} Ba6+ {[%emt 0:00:15]} 0-1